Indian economy 1961-63 (Record no. 617555)

MARC details
000 -LEADER
fixed length control field 00780nam a2200253Ia 4500
003 - CONTROL NUMBER IDENTIFIER
control field OSt
005 - DATE AND TIME OF LATEST TRANSACTION
control field 20220926010530.0
008 - FIXED-LENGTH DATA ELEMENTS--GENERAL INFORMATION
fixed length control field 220923b |||||||| |||| 00| 0 eng d
037 ## - SOURCE OF ACQUISITION
Terms of availability General Book
040 ## - CATALOGING SOURCE
Original cataloging agency RTL
Transcribing agency RTL
Language of cataloging eng
041 ## - LANGUAGE CODE
Source of code eng
Language code of text/sound track or separate title eng
100 ## - MAIN ENTRY--PERSONAL NAME
Personal name Ncaer
9 (RLIN) 264047
110 ## - MAIN ENTRY--CORPORATE NAME
Corporate name or jurisdiction name as entry element National Council of Applied Economic research (New Delhi)
245 #0 - TITLE STATEMENT
Title Indian economy 1961-63
Remainder of title Conditions and Prospects
260 ## - PUBLICATION, DISTRIBUTION, ETC.
Place of publication, distribution, etc. New Delhi
Name of publisher, distributor, etc. Zodiac Press
Date of publication, distribution, etc. 1963
300 ## - PHYSICAL DESCRIPTION
Extent 117p
Dimensions cm.
650 ## - SUBJECT ADDED ENTRY--TOPICAL TERM
Topical term or geographic name entry element India Economic Conditions
9 (RLIN) 40151
700 ## - ADDED ENTRY--PERSONAL NAME
Personal name National Council of Applied Economic research (New Delhi)
942 ## - ADDED ENTRY ELEMENTS (KOHA)
Classification part X.2.N6, K3
Koha item type General Books
Source of classification or shelving scheme Colon Classification (CC)
Holdings
Withdrawn status Lost status Damaged status Not for loan Home library Current library Date acquired Total Checkouts Full call number Barcode Date last seen Price effective from Koha item type
        Ratan Tata Library Ratan Tata Library 2022-09-26   X.2.N6 K3 RT0032000 2022-09-26 2022-09-26 General Books
Copyright @ Delhi University Library System